Matemática 7: 7º ano de escolaridade (3º ciclo do ensino básico)

Gespeichert in:
Bibliographische Detailangaben
1. Verfasser: Bispo, Belmira
Weitere Verfasser: Carmona, Diamantina
Format: keine Angabe
Sprache:Portugiesisch
Erschienen: Lisboa Plátano D.L. 1992
Ausgabe:1ª ed
Katalog:MANES:  Suchergebnis im Bibliothekskatalog
Schulbuchspezifische Eigenschaften:
Tags: Tag hinzufügen
Keine Tags, Fügen Sie den ersten Tag hinzu!
Hinzugefügt zu:26.04.2016
Geändert in:25.04.2025

MARC

LEADER 000000000a22000000004500
001 27496
003 OSt
005 20250425111434.0
008 160427s pt ||||| |||| 00| 0 por d
040 |c centro_manes 
041 1 |a por 
100 1 |a Bispo, Belmira  |9 15571 
245 0 0 |a Matemática 7: 7º ano de escolaridade (3º ciclo do ensino básico) 
250 |a 1ª ed 
260 3 |a Lisboa  |b Plátano  |c D.L. 1992 
300 |a 254 p.;  |c 24 cm 
500 |a Bibliografia, p. 249 
561 |5 pt-BNP  |a Portugal. Biblioteca Nacional de Portugal  |k MANES 
690 0 |a MATE 
691 |a SE 
700 1 |a Carmona, Diamantina  |9 15533 
942 |2 ddc  |c BK 
546 |a Portugal 
999 |c 28958  |d 28958 
999 |c manes:28958  |d 28958